Statistics for British Overseas Territories on a Map

Click here to take the quiz!

General Stats

  • This quiz has been taken 426 times
  • The average score is 8 of 13

Answers on the Map

Answers color-coded by a green-red scale on the quiz's map according to % correct below.
 

Answer Stats

Country% Correct
Falkland Islands
82%
Bermuda
78%
Saint Helena,
Ascension, and
Tristan da Cunha
71%
British Virgin
Islands
68%
Gibraltar
65%
Cayman Islands
62%
Anguilla
59%
Montserrat
56%
Turks and
Caicos Islands
56%
Pitcairn Islands
54%
Jersey
52%
Isle of Man
50%
Guernsey
49%

Score Distribution

Percentile by Number Answered

Percent of People with Each Score

Your Score History

You have not taken this quiz